000 00635nam a2200253Ia 4500
003 OSt
005 20221006142512.0
006 a|||||r|||| 00| 0
007 ta
008 221006b |||||||| |||| 00| 0 eng d
024 _a6,488
037 _cTextual
040 _aEASL
_cEASL
_beng
041 _2eng
_aeng
082 _aY.41.N6, K6
100 _aROPER Myra
_9647843
245 0 _aChina
_b The surprising country
260 _aLondon
_bFakenham and Reading
_c1966
300 _a292p.
_ccm.
490 _v CEL
650 _aCEL
942 _hY.41.N6, K6
_cTEXL
_2CC
999 _c1074574
_d1074574